000 00500nam a22001817a 4500
005 20250708125555.0
008 250708b |||||||| |||| 00| 0 eng d
020 _a0-324-37467-4
050 _aHF 5635 .A43 2007
100 _aALBRIGHT, THOMAS L.
245 _aFINANCIAL ACCOUNTING WITH JOURNAL ENTRIES
260 _aMASON, OH
_bTHOMSON SOUTH-WESTERN
_c2007
300 _aXXV,603P.:ILL
500 _aINCLUDES INDEX
650 _aACCOUNTING
700 _aINGRAM, ROBERT W.
942 _2lcc
_cBK
999 _c215850
_d215850